Korruption - im Tripolaren Wirkungsfeld von Ethik, Staat und Wirtschaft

Korupcia je sociálne škodlivá kvôli nespravodlivosti v hospodárskej súťaži a dokonca je považovaná Svetovou bankou za jednu z najväčších prekážok k hospodárskemu a sociálnemu rozvoju. Na základe etických teórií je možné vypracovať vysvetľujúce modely, ktoré umožnia posúdenie tohto javu. Deontologick...

Description complète

Enregistré dans:
Détails bibliographiques
Auteur principal: Achenbach, Peter, 1960-
Format: Chapitre de livre
Langue:allemand
Sujets:
Tags: Ajouter un tag
Pas de tags, Soyez le premier à ajouter un tag!

MARC

LEADER 00000naa$a2200000$$$4500
001 0249894
005 20240502074011.9
041 0 |a ger 
044 |a SK 
245 1 0 |a Korruption - im Tripolaren Wirkungsfeld von Ethik, Staat und Wirtschaft  |c Peter Achenbach 
520 |a Korupcia je sociálne škodlivá kvôli nespravodlivosti v hospodárskej súťaži a dokonca je považovaná Svetovou bankou za jednu z najväčších prekážok k hospodárskemu a sociálnemu rozvoju. Na základe etických teórií je možné vypracovať vysvetľujúce modely, ktoré umožnia posúdenie tohto javu. Deontologická a teleologická etika vedie k zisteniam, ktoré korupcia spôsobuje. 
610 2 0 |a korupcia 
610 2 0 |a súťaž hospodárska 
610 2 0 |a štát 
610 2 0 |a morálka 
610 2 0 |a etika 
100 1 |a Achenbach, Peter, 1960-